| 000 | 00849cam a2200229 a 4500 | ||
|---|---|---|---|
| 001 | 000002584 | ||
| 005 | 20240502094959.0 | ||
| 008 | 901002s1990 cu r 001 0 spa | ||
| 040 |
_aDO-SdBNP _bspa _cBNPHU |
||
| 082 |
_a080.91 _bC962e |
||
| 100 | 1 |
_aCastro, Fidel _d 1926-2016 _916971 |
|
| 245 | 1 | 6 |
_aEn la trinchera de la revolución : _bselección de discursos / _cFidel Castro. |
| 260 |
_aLa Habana : _bPolítica, _c1990. |
||
| 300 |
_a270 p. ; _c18 cm. |
||
| 490 | 1 | _aOlivo | |
| 500 | _aFidel Castro fué primer ministro de Cuba desde 1959 hasta 1976 y luego presidente de Cuba desde 1976 hasta 2008 | ||
| 650 | 4 |
_aDiscursos _96584 |
|
| 650 | 4 |
_aPresdente _zCuba _xEnsayos, congresos, conferencias, etc. _98140 |
|
| 651 | 4 |
_aCuba _xPolítica Y Gobierno _y1959-1990. _95620 |
|
| 650 | 4 |
_aPolítica mundial _y1985-1995. _92884 |
|
| 830 | 0 |
_aOlivo _98141 |
|
| 999 |
_c2420 _d2420 |
||